| 000 | 00000nam##2200000za#4500 |
| 001 | 9.580247 |
| 003 | CaOODSP |
| 005 | 20210624190940 |
| 007 | cr ||||||||||| |
| 008 | 150406|2001||||xxc|||||o f|0| 0 eng|d |
| 040 | |aCaOODSP|beng |
| 043 | |an-cn--- |
| 086 | 1 |aH113-6/2001-2E-PDF |
| 110 | 1 |aCanada. |bPest Management Regulatory Agency. |
| 245 | 10|aAbamectin - Raid Max Roach Bait |h[electronic resource] |
| 260 | |aOttawa - Ontario : |bHealth Canada. |cMay 8, 2001. |
| 300 | |a2p. |
| 490 | 1 |aRegulatory decision document |vRDD2001-02 |
| 590 | |a14-14-Supp|b2014-07-24 |
| 690 | 07|aInsecticides|2gcpds |
| 775 | 08|tAbamectine - Appât pour blattes Raid Max |w(CaOODSP)9.607292 |
| 830 | #0|aRegulatory decision document ;|vRDD2001-02|w(CaOODSP)9.504461 |
| 856 | 40|ahttp://publications.gc.ca|qPDF|s55 KB|uhttps://publications.gc.ca/collections/collection_2014/sc-hc/H113-6-2001-2-eng.pdf|yRDD2001-02 |